| 000 | 01465nam a22004337a 4500 | ||
|---|---|---|---|
| 001 | 15861888 | ||
| 003 | OSt | ||
| 005 | 20210419123041.0 | ||
| 008 | 090810r20092006enka b 001 0 eng | ||
| 010 | _a 2009293682 | ||
| 015 |
_aGBA8B6525 _2bnb |
||
| 016 | 7 |
_a014771720 _2Uk |
|
| 020 | _a9781405191135 (pbk.) | ||
| 020 | _a1405191139 (pbk.) | ||
| 035 | _a(OCoLC)ocn261939685 | ||
| 040 |
_aUKM _cUKM _dYDXCP _dDLC |
||
| 041 | _aeng | ||
| 042 | _alccopycat | ||
| 050 | 0 | 0 |
_aB829.5 _b.C557 2009 |
| 080 |
_a1 (09) _bD-80 |
||
| 082 | 0 | 4 |
_a142.7 _222 |
| 100 |
_9310 _aDreyfus, L. Hubert |
||
| 245 | 0 | 2 |
_aA companion to phenomenology and existentialism / _cedited by Hubert L. Dreyfus and Mark A. Wrathall. |
| 260 |
_aOxford : _bWiley-Blackwell, _c2009. |
||
| 300 |
_axiv, 608 p. : _bill. ; _c25 cm. |
||
| 500 | _aOriginally published: Oxford: Blackwell, 2006. | ||
| 504 | _aIncludes bibliographical references and index. | ||
| 650 | 0 | _aPhenomenology. | |
| 650 | 0 | _aExistentialism. | |
| 650 | 0 |
_aPhilosophy _9282 |
|
| 653 | _aფილოსოფიის ისტორია | ||
| 653 | _aფილოსოფია | ||
| 653 | _aეგზისტენციალიზმი | ||
| 700 | 1 | _aDreyfus, Hubert L. | |
| 700 | 1 | _aWrathall, Mark A. | |
| 906 |
_a7 _bcbc _ccopycat _d2 _encip _f20 _gy-gencatlg |
||
| 942 |
_2udc _cBK |
||
| 999 |
_c410 _d410 |
||